[Event "AUS-ch U18 Girls"]
[Site "Gold Coast"]
[Date "2020.01.23"]
[Round "5"]
[White "Retnaraja, Athena Malar"]
[Black "Ge, Eva"]
[Result "0-1"]
[WhiteElo "1373"]
[BlackElo "1764"]
[PlyCount "62"]
[EventDate "2020.01.22"]
[EventType "swiss"]
[EventRounds "9"]
[EventCountry "AUS"]
[SourceTitle "EXT 2021"]
[Source "ChessBase"]
[SourceDate "2020.10.23"]
[SourceVersion "1"]
[SourceVersionDate "2020.10.23"]
[SourceQuality "1"]

1. d4 d5 2. Bf4 c5 3. e3 Nc6 4. c3 Qb6 5. Qb3 c4 6. Qc2 e5 7. dxe5 Bf5 8. Qd2 f6 9. Nf3 fxe5 10. Bxe5 Nxe5 11. Nxe5 Nf6 12. Be2 Bd6 13. Nf3 0-0-0 14. Nd4 Bg6 15. Na3 Ne4 16. Bg4+ Kb8 17. Qc1 h5 18. Bd1 Rdf8 19. Nf3 Nc5 20. 0-0 Nd3 21. Qd2 h4 22. Be2 h3 23. g3 Be4 24. Ng5 Bg2 25. Bxd3 cxd3 26. Rfc1 Be7 27. c4 Bxg5 28. Rab1 Rxf2 29. Kxf2 Rf8+ 30. Kg1 Bxe3+ 31. Qxe3 Qxe3# 0-1

[Event "Adelaide Lidums op"]
[Site "Adelaide"]
[Date "2019.12.08"]
[Round "4"]
[White "He, Caleb"]
[Black "Retnaraja, Athena Malar"]
[Result "1-0"]
[WhiteElo "1668"]
[BlackElo "1322"]
[PlyCount "81"]
[EventDate "2019.12.07"]
[EventType "swiss"]
[EventRounds "9"]
[EventCountry "AUS"]
[SourceTitle "CBM 193 Extra"]
[Source "ChessBase"]
[SourceDate "2020.01.31"]
[SourceVersion "1"]
[SourceVersionDate "2020.01.31"]
[SourceQuality "1"]

1. c4 e6 2. g3 d5 3. Bg2 c6 4. Qc2 f5 5. Nf3 Nf6 6. d3 Bd6 7. Nbd2 0-0 8. 0-0 h6 9. e4 e5 10. exd5 cxd5 11. cxd5 Na6 12. a3 Nc7 13. Nc4 Re8 14. Nfxe5 Ncxd5 15. Nxd6 Qxd6 16. Nf3 Be6 17. Re1 Rac8 18. Qd1 Bd7 19. Rxe8+ Rxe8 20. Bd2 Nb6 21. Bb4 Qe6 22. Qd2 Nbd5 23. Re1 Qc6 24. Rxe8+ Bxe8 25. Nd4 Qd7 26. Bc3 Qc8 27. Qc2 Qd7 28. Qe2 Bf7 29. Nf3 Bh5 30. Qe1 Qc7 31. Nd4 b6 32. Nxf5 Bg6 33. Bxf6 Nxf6 34. Ne7+ Kh7 35. Nxg6 Kxg6 36. Qc3 Qe7 37. Kf1 Ng4 38. Qc6+ Kh7 39. Be4+ Kg8 40. Qc8+ Kf7 41. Qxg4 1-0

[Event "Adelaide Lidums op"]
[Site "Adelaide"]
[Date "2018.12.11"]
[Round "3"]
[White "Kotousov, Matvei"]
[Black "Retnaraja, Athena Malar"]
[Result "1-0"]
[WhiteElo "1710"]
[BlackElo "1231"]
[PlyCount "119"]
[EventDate "2018.12.10"]
[EventType "swiss"]
[EventRounds "9"]
[EventCountry "AUS"]
[SourceTitle "EXT 2020"]
[Source "ChessBase"]
[SourceDate "2019.10.17"]
[SourceVersion "1"]
[SourceVersionDate "2019.10.17"]
[SourceQuality "1"]

1. e4 c5 2. c3 d5 3. exd5 Nf6 4. c4 Qc7 5. Nf3 e6 6. dxe6 Bxe6 7. Be2 Be7 8. b3 Nc6 9. Bb2 h6 10. 0-0 Rd8 11. Qc2 Nd4 12. Bxd4 cxd4 13. d3 b5 14. Nbd2 Bb4 15. a3 Be7 16. a4 bxc4 17. bxc4 0-0 18. Nb3 Bc5 19. Rab1 a6 20. Qb2 Qd6 21. Nxc5 Qxc5 22. Qb6 Qxb6 23. Rxb6 Rfe8 24. Bd1 Bf5 25. Bc2 Re6 26. Rxe6 fxe6 27. Rb1 Nd7 28. Nxd4 Nc5 29. Nxf5 exf5 30. Rd1 f4 31. d4 Ne6 32. d5 Nc5 33. Kf1 Kf7 34. Ke2 Re8+ 35. Kd2 Ne4+ 36. Bxe4 Rxe4 37. Kd3 Re8 38. Rd2 Rd8 39. Re2 g5 40. f3 Rd7 41. Kd4 a5 42. Kc5 Re7 43. Rxe7+ Kxe7 44. Kc6 Kd8 45. c5 h5 46. h3 Kc8 47. d6 h4 48. d7+ Kd8 49. Kb7 Kxd7 50. c6+ Kd6 51. c7 Kd5 52. c8Q Kd4 53. Qe8 Kc3 54. Kc6 Kb4 55. Kd5 Kc3 56. Qe4 Kd2 57. Kc4 Kc1 58. Qe2 Kb1 59. Kc3 Kc1 60. Qc2# 1-0